000 01101nam0a2200289 i 4500
001 RU\NLR\BIBL_A\011857197
005 20260406052520.0
010 _a978-5-9500920-9-1
_91000
035 _a(NLR Aleph) 011857197
090 _a12132994
_c12132994
100 _a20181107d2018 m y0rusy50 ca
101 1 _arus
_carm
_deng
102 _aRU
105 _aa z 000 y
200 1 _aСеверный Арцах
_fСамвел Карапетян
_gпер. с арм. Д. Григорян
210 _aМосква
_cЯуза-каталог
_d2018
215 _a628, [3] с.
_cил.
_d29
225 1 _aБиблиотека "Анив"
607 _aАрмения
_xИстория
_9995489
_3RU\NLR\AUTH\6658864
607 _aНагорно-Карабахская автономная область
_xИстория
_91727559
_3RU\NLR\AUTH\66771676
686 1 _aТ3(2Ар)1/7
686 1 _aТ3(2А-6Н)1/7
700 1 _4070
_8rus
_7ca
_aКарапетян
_bС.
_gСамвел
_f1961-
_3RU\NLR\AUTH\777476
_9117410
852 _aNLR
_bОНЛ
_jСправ-5/74
942 _cBOOK
980 _aNBR